[Event "BLR-ch Youth U20 2019"]
[Site "Kobryn"]
[Date "2019.05.17"]
[Round "7.1"]
[White "Galkin, Gleb"]
[Black "Zarubitski, Viachaslau"]
[Result "1/2-1/2"]
[WhiteElo "2163"]
[BlackElo "2416"]
[Annotator "TA"]
[PlyCount "125"]
[EventDate "2019.05.11"]
[EventType "tourn"]
[EventCountry "BLR"]
[SourceTitle "playchess.com"]
[Source "ChessBase"]
[SourceQuality "1"]

{[%evp 13,125,27,37,29,33,31,33,22,37,41,46,27,5,11,12,19,22,5,20,-33,-23,-41,-12,-37,-36,-44,-32,-37,-33,-30,-29,-34,7,7,7,8,7,0,0,0,0,0,0,0,0,0,21,18,20,24,25,21,17,0,0,0,0,0,0,0,0,-191,-184,-280,-27,-26,-27,-27,0,0,0,0,0,0,0,0,0,0,0,0,0,0,0,0,0,0,0,0,0,-8,0,0,0,0,0,0,0,0,0,0,0,0,0,0,0,0,0,0,0,0,0,0,0,0]} 1. d4 e6 2. c4 f5 3. Nf3 Nf6 4. g3 Bb4+ 5. Bd2 Bxd2+ 6. Qxd2 b6 7. Bg2 Bb7 8. Nc3 {A40: Unusual replies to 1 d4} Ne4 9. Qc2 Nxc3 10. Qxc3 {White is slightly better.} Qe7 (10... Be4 11. O-O d6 12. Qe3 Qf6 13. Ng5 Bxg2 14. Kxg2 e5 15. f4 e4 {½-½ (25) Xu,Y (2518)-Williams,S (2437) Reykjavik 2017}) 11. O-O d6 12. Nd2 $146 ({Predecessor:} 12. d5 e5 13. Bh3 {0-1 (32) Krunic,D (2147)-Spiric,I (2276) Zrenjanin 2018}) 12... Bxg2 13. Kxg2 O-O 14. f4 c5 15. dxc5 bxc5 16. Nf3 (16. Qf3 $11 Qc7 17. Qxa8) 16... Nd7 $15 17. Rad1 Rfb8 18. Rd3 Nf6 19. Kg1 Rb6 20. Nd2 Qb7 21. b3 a5 22. a4 Rb8 23. Qxa5 Ne4 24. Nxe4 fxe4 25. Rdd1 Ra6 26. Qd2 Qxb3 {[%mdl 64] [#] Double Attack} 27. Rb1 Qxb1 28. Rxb1 Rxb1+ $11 {[%mdl 4096] Endgame KQ-KRR} 29. Kg2 h6 30. Qc2 Rb4 31. Qxe4 d5 32. Qg6 {Strongly threatening f5.} Rbxa4 33. f5 exf5 34. Qe8+ Kh7 35. cxd5 Re4 36. Qc8 $1 {[%cal Rc8f5][%mdl 64] [#] Double Attack} Rf6 37. d6 $2 (37. Kf3 $11 {and White stays safe.}) 37... Rxe2+ $19 38. Kh3 (38. Kf3 {might work better.} Rd2 39. Qxc5) 38... g5 $2 ({Not} 38... Rxd6 39. Qxf5+ Rg6 40. Qxc5 $17) ({Black should try} 38... Rfe6 $19 39. Qxc5 (39. d7 {gets mated.} g5 40. Qh8+ {[%mdl 64] Decoy} Kxh8 41. d8=Q+ Kg7 42. Qc7+ Re7 43. Qxe7+ Rxe7 44. g4 c4 45. gxf5 c3 46. Kg2 c2 47. Kg3 c1=Q 48. f6+ Kxf6 49. Kh3 Re3+ 50. Kg2 Qd2+ 51. Kh1 Re1#) 39... R6e5) 39. g4 $11 fxg4+ 40. Kxg4 Re4+ 41. Kg3 {aiming for Qb7+.The position is equal.} Rd4 42. Qd7+ Kg6 43. Qe8+ Kf5 {And now ...Rd3+ would win.} 44. Qc8+ Ke4 {Hoping for ...Rd5.} 45. d7 {Black must now prevent Qe8+.} Rfd6 {Threatens to win with ...c4.} 46. Qxc5 Rxd7 (46... Rd3+ {is more complex.} 47. Kg4 R3d5 48. d8=Q Rxd8 49. Qe7+ Kd4) 47. Qc6+ Kf5 {...h5 is the strong threat.} 48. Qxh6 Rd3+ 49. Kf2 Rd2+ 50. Ke1 R2d6 51. Qh3+ g4 52. Qf1+ Kg5 53. Qb5+ $1 Kh4 54. Qf5 $1 Rd5 55. Qf2+ Kh5 {( -> ...Rd1+)} 56. Qf6 Rd1+ 57. Ke2 R1d2+ 58. Ke3 R2d3+ 59. Ke2 Rd2+ 60. Ke3 R2d3+ 61. Ke2 R3d5 62. Ke3 Rd3+ 63. Ke4 {Accuracy: White = 67%, Black = 58%.} 1/2-1/2

[Event "BLR-ch Youth U20 2019"]
[Site "Kobryn"]
[Date "2019.05.17"]
[Round "7.2"]
[White "Tsaruk, Maksim"]
[Black "Nikitenko, Mihail"]
[Result "1-0"]
[WhiteElo "2229"]
[BlackElo "2417"]
[Annotator "TA"]
[PlyCount "49"]
[EventDate "2019.05.11"]
[EventType "tourn"]
[EventCountry "BLR"]
[SourceTitle "playchess.com"]
[Source "ChessBase"]
[SourceQuality "1"]

{[%evp 13,49,-6,-2,-13,-3,-6,19,28,23,16,23,17,32,22,147,156,145,147,197,167,180,185,209,142,405,399,389,397,597,589,640,629,1006,1026,1004,996,29991,29992]} 1. e4 e5 2. Nf3 Nc6 3. Nc3 Nf6 4. Bb5 Nd4 5. Nxd4 exd4 6. e5 dxc3 7. exf6 Qxf6 8. Qe2+ {C48: Four Knights: 4 Bb5, replies other than 4...Bb4} Be7 9. dxc3 a6 $146 ({Predecessor:} 9... O-O 10. O-O d5 11. Bd3 Rd8 12. Bf4 Qxf4 13. Qxe7 Be6 14. g3 Qd6 15. Qh4 h6 {½-½ (34) Jenni,F (2471)-Kramnik,V (2802) Zuerich 2001}) 10. Bd3 {The position is equal.} d5 11. Be3 Be6 12. Bd4 Qh6 $1 13. h4 c5 (13... Bd6 $1 $11 {remains equal.}) 14. Be3 $16 g5 {[#] Threatens to win with ...c4.} 15. Qd2 f6 16. O-O-O {Hoping for hxg5.} Qg7 17. hxg5 fxg5 18. Rde1 {aiming for Bxc5!} Kd7 $2 {[%mdl 8192] [#]} (18... O-O-O $16 19. Bxc5 Bxc5) 19. Bf5 $1 $18 {[%mdl 576] Deflection, Decoy} Bxf5 20. Qxd5+ {[%mdl 64] Double Attack} Kc7 (20... Kc8 $142 21. Bxc5 Bxc5 22. Qxc5+ Qc7 23. Qxf5+ {[%mdl 64] Double Attack} Kb8 24. Qxg5 Ka7 25. Qe3+ Qb6 26. Qxb6+ Kxb6 27. Rh6+ Ka7) 21. Bxc5 ({Less strong is} 21. Qxf5 Raf8 $18) 21... Rad8 22. Qxf5 Rdf8 23. Qd5 Rd8 24. Qc4 {Bd6+! would kill now.} b5 25. Bd6+ {Accuracy: White = 83%, Black = 34%.} 1-0

[Event "BLR-ch Youth U20 2019"]
[Site "Kobryn"]
[Date "2019.05.17"]
[Round "7.3"]
[White "Siniauski, Artsiom"]
[Black "Papunidi, Matvey"]
[Result "1-0"]
[WhiteElo "2219"]
[BlackElo "2148"]
[Annotator "TA"]
[PlyCount "44"]
[EventDate "2019.05.11"]
[EventType "tourn"]
[EventCountry "BLR"]
[SourceTitle "playchess.com"]
[Source "ChessBase"]
[SourceQuality "1"]

{[%evp 19,44,21,27,8,26,18,18,18,18,18,19,30,31,0,0,0,29,-13,16,16,8,4,14,0,23,-3,7]} 1. e4 c5 2. Nf3 Nc6 3. Bb5 g6 4. Bxc6 dxc6 5. d3 Bg7 6. h3 Nf6 7. Nc3 O-O 8. Be3 b6 9. Qd2 Re8 10. Bh6 e5 11. O-O {B31: Sicilian: 2...Nc6 3 Bb5 g6} (11. Bxg7 Kxg7 12. Qe3 Qd6 13. Ne2 a5 14. O-O Nh5 15. Nd2 Nf4 16. Nc4 Qc7 17. a4 Be6 18. b3 b5 {½-½ (52) Liang,A (2552)-Caruana,F (2804) Saint Louis 2018}) 11... Qd6 12. Nh2 Nh5 13. Ne2 {[#]} Nf4 $146 ({Predecessor:} 13... Bh8 14. Be3 f5 15. Qc3 f4 16. Bd2 Ng7 17. a3 Ne6 {0-1 (42) Midoux,S (2296)-Lazarev,V (2517) Evry 2003}) 14. Bxg7 {[#] aiming for Bh6.} Kxg7 15. Nxf4 exf4 16. e5 Rxe5 17. Qxf4 Qf6 18. Qd2 Rd5 19. b3 Be6 20. Rae1 b5 21. Qe3 Qc3 22. Re2 a5 {[%mdl 32768] Accuracy: White = 38%, Black = 45%. . Loss on time!?} 1-0

[Event "BLR-ch Youth U20 2019"]
[Site "Kobryn"]
[Date "2019.05.17"]
[Round "7.4"]
[White "Strybuk, Artsiom I"]
[Black "Navumenka, Mikhei"]
[Result "0-1"]
[WhiteElo "2294"]
[BlackElo "2147"]
[Annotator "TA"]
[PlyCount "128"]
[EventDate "2019.05.11"]
[EventType "tourn"]
[EventCountry "BLR"]
[SourceTitle "playchess.com"]
[Source "ChessBase"]
[SourceQuality "1"]

{[%evp 22,128,35,34,19,0,59,0,12,-10,-4,-28,0,0,0,-23,-15,-93,-50,-64,-61,-72,-6,-38,-10,-53,-63,-51,0,-79,-82,-78,-84,-79,-74,-88,-70,-108,-99,-220,-211,-191,-211,-303,-293,-301,-281,-350,-357,-440,-440,-653,-680,-721,-729,-712,-673,-821,-808,-740,-439,-437,-431,-419,-412,-450,-450,-450,-450,-442,-445,-437,-428,-454,-409,-429,-339,-557,-560,-541,-507,-627,-633,-606,-625,-556,-466,-746,-726,-889,-862,-858,-822,-29973,-29974,-29967,-29970,-29975,-29976,-29975,-29976,-29977,-29978,-29979,-29979,-29980,-29976,-29979,-29980]} 1. d4 Nf6 2. c4 e6 3. g3 b6 4. Bg2 c6 5. Nf3 Bb4+ 6. Bd2 Be7 7. O-O d5 8. Qc2 Bb7 9. Bf4 O-O 10. Rd1 Nbd7 11. Ne5 Rc8 12. Nc3 Nh5 {E08: Closed Catalan: Main Line: 7 Qc2} 13. Bd2 f5 {[#]} (13... Nhf6 $11) 14. Be1 $146 (14. Qa4 $14) ({Predecessor:} 14. Qa4 Nxe5 15. dxe5 a6 16. cxd5 cxd5 17. e3 b5 18. Qb3 g6 19. Ne2 Bc6 20. Nd4 {1-0 (42) Inarkiev,E (2709)-Riazantsev,A (2671) Doha 2016}) 14... Bd6 {The position is equal.} 15. Nxd7 Qxd7 16. Qa4 Rc7 17. Rac1 Nf6 18. cxd5 ({Of course not} 18. Qxa7 Ra8 $17) 18... exd5 19. Rc2 ({Much worse is} 19. Qxa7 b5 $17) (19. Bd2 $11) 19... a5 {aiming for ...b5.} 20. Qb3 b5 $1 {Hoping for ...a4.} 21. Nb1 $1 b4 (21... a4 $17 22. Qd3 Qe6) 22. Rdc1 Kh8 23. Nd2 (23. a3 $5 {[%cal Ra3b4]}) 23... Ba6 24. Nf3 Re8 ({Better is} 24... Ne4 $15) 25. e3 (25. Ne5 $11 {remains equal.} Bxe5 26. dxe5 Rxe5 27. Qa4) 25... Bb5 $36 {[%mdl 2048] Black is on the roll.} 26. a4 Bc4 27. Rxc4 dxc4 28. Qxc4 c5 {Threatens to win with ...cxd4.} 29. Qb5 cxd4 30. Qxd7 (30. Rxc7 $17 {was the only chance.} Qxc7 31. Nxd4) 30... Nxd7 $19 ({But not} 30... Rxd7 31. exd4 g6 32. Bd2 $17) 31. Rxc7 Bxc7 32. Nxd4 (32. exd4 {was called for.} h6 33. Bd2) 32... Be5 {White must now prevent ...Bxd4.} 33. Kf1 Nc5 34. Nc6 Bxb2 35. Nxa5 Bc3 36. Nc6 (36. Bf3 $142 Nd3 37. Bxc3 bxc3 38. Nb3) 36... Bxe1 37. Kxe1 {[%mdl 4096] Endgame KRN-KBN} b3 {...b2 is the strong threat.} 38. Kd2 Nxa4 39. Kc1 b2+ 40. Kb1 Nc3+ 41. Kxb2 Nd1+ {[%mdl 64] [#] Double Attack} 42. Kc1 Nxf2 43. Kd2 Ng4 44. e4 fxe4 45. h3 Nf6 46. Nd4 h5 47. Ke3 Ra8 48. Nb5 Ra5 49. Nd6 $2 (49. Nc3 {was worth a try.}) 49... Ra3+ 50. Kf4 Nd5+ 51. Kxe4 Rxg3 52. Bf1 Ne3 53. Be2 Rxh3 54. Nf7+ (54. Bxh5 $142 Rxh5 55. Kxe3) 54... Kg8 55. Ng5 Rg3 56. Nf3 Ng2 57. Nd4 Re3+ {Black mates.} 58. Kf5 {[#]} g6+ $1 59. Kf6 (59. Kxg6 Nf4+) 59... Re4 60. Bc4+ Kh8 61. Bd5 Rxd4 62. Bxg2 Rf4+ 63. Kg5 Rf2 64. Kh6 g5 {Accuracy: White = 36%, Black = 69%.} 0-1

[Event "BLR-ch Youth U20 2019"]
[Site "Kobryn"]
[Date "2019.05.17"]
[Round "7.5"]
[White "Runets, Ivan"]
[Black "Silich, Yahor"]
[Result "1-0"]
[WhiteElo "2123"]
[BlackElo "2170"]
[Annotator "TA"]
[PlyCount "69"]
[EventDate "2019.05.11"]
[EventType "tourn"]
[EventCountry "BLR"]
[SourceTitle "playchess.com"]
[Source "ChessBase"]
[SourceQuality "1"]

{[%evp 19,69,28,58,56,62,43,75,75,75,75,75,65,68,71,91,76,89,62,102,103,118,112,149,150,308,302,297,300,291,292,272,197,247,269,345,295,429,435,29972,29974,29974,29975,29974,29976,29975,29976,29966,1288,29963,12565,29998,29999]} 1. d4 Nf6 2. c4 d6 3. Nf3 g6 4. Nc3 Bg7 5. e4 O-O 6. Be2 Nbd7 7. O-O e5 8. Qc2 Nh5 9. Rd1 Nf4 10. Bf1 c5 {[%cal Rc5d4]} 11. d5 {E94: King's Indian: Classical: 6 Be2 e5 7 0-0: Various Black 7th moves} (11. dxe5 dxe5 12. Nb5 Ne6 13. Rb1 a6 14. Nd6 Qc7 15. a3 Nb8 16. b4 Nc6 17. bxc5 Ncd4 18. Nxd4 exd4 19. g3 Nxc5 {1-0 (37) Melkumyan,H (2606)-Jojua,D (2530) Kavala 2010}) 11... Nf6 12. h3 Ne8 13. Re1 {White is better.} f5 14. Bxf4 exf4 15. exf5 $146 ({Predecessor:} 15. e5 dxe5 16. Nxe5 a6 17. a3 Qd6 18. Nf3 Nc7 {1-0 (37) Mischenko,A-Polivanov,A (2306) Donetsk 2000}) 15... Bxf5 16. Bd3 Nc7 17. Re2 Qd7 18. Bxf5 Rxf5 19. Rae1 Bf6 20. Ne4 Bd8 21. Qc3 h6 $2 (21... Rf8 $16 22. b4 b6) 22. b4 b6 23. bxc5 bxc5 24. Nh2 {Threatens to win with Ng4.} h5 25. Rb1 Rf7 26. Nf3 Qf5 27. Rbe1 Rd7 {[#]} (27... Qd7 {keeps fighting.} 28. h4 Be7) 28. Nxd6 $1 $18 {[%mdl 512] Threatening mate with Re8+!} Rxd6 {[#]} (28... Bf6 $18 29. Qa5 Rxd6 30. Qxc7 Rdd8) 29. Re8+ $1 {[%mdl 512]} Nxe8 30. Rxe8+ Qf8 31. Rxf8+ Kxf8 32. Qh8+ Ke7 33. Qg7+ Ke8 34. Ne5 {[%csl Ge5][%cal Rg7f7]} Rf6 35. d6 {Accuracy: White = 98%, Black = 29%.} 1-0

[Event "BLR-ch Youth U20 2019"]
[Site "Kobryn"]
[Date "2019.05.18"]
[Round "8.1"]
[White "Galkin, Gleb"]
[Black "Tsaruk, Maksim"]
[Result "1/2-1/2"]
[WhiteElo "2163"]
[BlackElo "2229"]
[Annotator "TA"]
[PlyCount "29"]
[EventDate "2019.05.11"]
[EventType "tourn"]
[EventCountry "BLR"]
[SourceTitle "playchess.com"]
[Source "ChessBase"]
[SourceQuality "1"]

{[%evp 28,29,10,0]} 1. d4 Nf6 2. c4 e6 3. Nf3 b6 4. g3 Bb4+ 5. Bd2 Be7 6. Bg2 c6 7. O-O d5 8. Qc2 O-O 9. Bf4 Bb7 10. Rd1 Nbd7 11. Ne5 Nh5 $146 ({Predecessor:} 11... Rc8 12. Nc3 Nh5 13. Bc1 Nhf6 14. e4 Bb4 15. Bg5 Qc7 16. Nxd7 Nxd7 17. a3 Bxc3 18. Qxc3 dxc4 19. Bf4 Qd8 20. Bd6 {0-1 (76) Dominguez Perez,L (2739)-Caruana,F (2822) Saint Louis 2018}) 12. Bd2 Nhf6 13. Bf4 Nh5 14. Bd2 Nhf6 15. Bf4 1/2-1/2

[Event "BLR-ch Youth U20 2019"]
[Site "Kobryn"]
[Date "2019.05.18"]
[Round "8.2"]
[White "Papunidi, Matvey"]
[Black "Strybuk, Artsiom I"]
[Result "0-1"]
[WhiteElo "2148"]
[BlackElo "2294"]
[Annotator "NA"]
[PlyCount "73"]
[EventDate "2019.05.11"]
[EventType "tourn"]
[EventCountry "BLR"]
[SourceTitle "playchess.com"]
[Source "ChessBase"]
[SourceQuality "1"]
[TimeControl "40/5400+30:1800+30"]

1. f4 {[%emt 0:00:00]} d5 {[%emt 0:00:20]} 2. Nf3 {[%emt 0:01:09]} Bg4 {[%emt 0:00:34]} 3. e3 {[%emt 0:09:38]} Nc6 {[%emt 0:01:48]} 4. Be2 {[%emt 0:02:17]} e6 {[%emt 0:01:23]} 5. O-O {[%emt 0:02:16]} Bd6 {[%emt 0:02:45]} 6. b3 {[%emt 0:02:46]} Nge7 {[%emt 0:04:43]} 7. Bb2 {[%emt 0:00:13]} f6 {[%emt 0:02:34]} 8. Nc3 $11 {[%emt 0:19:01]} Qd7 {[%emt 0:10:26]} 9. Nb5 {[%emt 0:02:37]} O-O-O {[%emt 0:09:51]} 10. a4 {[%emt 0:18:29]} Kb8 {[%emt 0:04:07]} 11. Nfd4 {[%emt 0:09:35]} Bxe2 {[%emt 0:03:53]} 12. Qxe2 {[%emt 0:00:20]} Bc5 {[%emt 0:08:16]} 13. Qg4 {[%emt 0:05:05]} Bxd4 {[%emt 0:01:06]} 14. Nxd4 {[%emt 0:01:12]} Nf5 {[%emt 0:06:19]} 15. Nxf5 {[%emt 0:06:07]} exf5 {[%emt 0:00:04]} 16. Qf3 {[%emt 0:04:17]} d4 {[%emt 0:05:27]} 17. d3 {[%emt 0:01:20]} Rhe8 {[%emt 0:05:48]} 18. exd4 {[%emt 0:02:06]} Nxd4 {[%emt 0:01:16]} 19. Bxd4 {[%emt 0:00:08]} Qxd4+ {[%emt 0:00:27]} 20. Qf2 {[%emt 0:00:13]} Qc3 {[%emt 0:02:46]} 21. Rae1 {[%emt 0:02:20]} a5 {[%emt 0:00:29]} 22. Re2 {[%emt 0:01:17]} Rxe2 {[%emt 0:17:16]} 23. Qxe2 {[%emt 0:00:07]} b6 {[%emt 0:00:07]} 24. Re1 {[%emt 0:03:42]} Rd6 {[%emt 0:00:22]} 25. Qf2 {[%emt 0:02:25]} Rc6 {[%emt 0:02:41]} 26. g3 {[%emt 0:02:31]} Qxc2 {[%emt 0:03:17]} 27. Qxc2 {[%emt 0:00:03]} Rxc2 {[%emt 0:00:03]} 28. Re7 {[%emt 0:00:05]} g5 {[%emt 0:00:13]} 29. fxg5 {[%emt 0:01:58]} fxg5 {[%emt 0:00:05]} 30. Rxh7 {[%emt 0:00:02]} Rc3 {[%emt 0:02:41]} 31. Rh5 {[%emt 0:00:24]} g4 {[%emt 0:01:38]} 32. Rxf5 {[%emt 0:00:31]} Rxb3 {[%emt 0:03:15]} 33. Rf4 {[%emt 0:01:20]} Rb4 {[%emt 0:00:00]} 34. Kf2 {[%emt 0:00:49]} Kb7 {[%emt 0:00:00]} 35. Ke3 {[%emt 0:00:30]} c5 {[%emt 0:00:00]} 36. Rc4 {[%emt 0:00:32]} Kc6 {[%emt 0:00:50]} 37. Rf4 {[%emt 0:01:05]} 0-1

[Event "BLR-ch Youth U20 2019"]
[Site "Kobryn"]
[Date "2019.05.18"]
[Round "8.3"]
[White "Nikitenko, Mihail"]
[Black "Siniauski, Artsiom"]
[Result "1-0"]
[WhiteElo "2417"]
[BlackElo "2219"]
[Annotator "NA"]
[PlyCount "65"]
[EventDate "2019.05.11"]
[EventType "tourn"]
[EventCountry "BLR"]
[SourceTitle "playchess.com"]
[Source "ChessBase"]
[SourceQuality "1"]
[TimeControl "40/5400+30:1800+30"]

{[%evp 8,42,16,21,22,16,14,21,29,18,25,17,26,0,45,32,46,16,0,0,10,11,8,7,14,0,1,-7,10,3,0,0,20,11,15,19,22]} 1. e4 {[%emt 0:00:00]} e6 {[%emt 0:00:00]} 2. d4 {[%emt 0:00:00]} d5 {[%emt 0:00:00]} 3. Nd2 {[%emt 0:00:00]} c5 {[%emt 0:00:07]} 4. exd5 {[%emt 0:00:00]} Qxd5 {[%emt 0:00:08]} 5. Ngf3 {[%emt 0:00:00]} cxd4 {[%emt 0:00:08]} 6. Bc4 {[%emt 0:00:00]} Qd6 {[%emt 0:00:07]} 7. O-O {[%emt 0:00:07]} Nf6 {[%emt 0:00:07]} 8. Nb3 {[%emt 0:00:12]} Nc6 {[%emt 0:00:15]} 9. Nbxd4 {[%emt 0:00:05]} Nxd4 {[%emt 0:00:07]} 10. Nxd4 {[%emt 0:00:04]} a6 {[%emt 0:00:21]} 11. Bb3 {[%emt 0:00:06]} Qc7 {[%emt 0:01:29]} 12. Qf3 {[%emt 0:00:05]} Bd6 {[%emt 0:03:20]} 13. h3 {[%emt 0:00:06]} O-O {[%emt 0:00:27]} 14. Bg5 {[%emt 0:00:06]} Nd7 {[%emt 0:02:40]} 15. c3 {[%emt 0:00:05]} Ne5 {[%emt 0:06:06]} 16. Qh5 {[%emt 0:04:59]} Ng6 {[%emt 0:01:01]} 17. Bc2 {[%emt 0:01:43]} b6 {[%emt 0:02:31]} 18. Rad1 {[%emt 0:00:35]} Bb7 {[%emt 0:02:34]} 19. Rfe1 {[%emt 0:02:23]} Qc5 {[%emt 0:04:42]} 20. Qg4 {[%emt 0:01:29]} Ne5 {[%emt 0:04:23]} 21. Qe2 {[%emt 0:00:57]} Ng6 $11 {[%emt 0:05:13]} 22. Qg4 {[%emt 0:12:47]} Ne5 {[%emt 0:00:56]} 23. Qh5 {[%emt 0:00:05]} Ng6 {[%emt 0:04:55]} 24. Nb3 {[%emt 0:00:20]} Qc7 {[%emt 0:03:30]} 25. Rd4 {[%emt 0:00:06]} h6 {[%emt 0:08:47]} 26. Bxh6 {[%emt 0:01:56]} gxh6 {[%emt 0:01:56]} 27. Bxg6 {[%emt 0:00:15]} Bh2+ {[%emt 0:07:44]} 28. Kh1 {[%emt 0:00:05]} Bf4 {[%emt 0:00:15]} 29. Be4 {[%emt 0:00:46]} e5 {[%emt 0:02:03]} 30. Qg4+ {[%emt 0:00:25]} Kh8 {[%emt 0:03:27]} 31. Rd7 {[%emt 0:06:20]} Bxe4 {[%emt 0:05:38]} 32. Rxc7 {[%emt 0:00:22]} Rg8 {[%emt 0:00:04]} 33. Rxe4 {[%emt 0:00:14]} 1-0

[Event "BLR-ch Youth U20 2019"]
[Site "Kobryn"]
[Date "2019.05.18"]
[Round "8.4"]
[White "Navumenka, Mikhei"]
[Black "Runets, Ivan"]
[Result "0-1"]
[WhiteElo "2147"]
[BlackElo "2123"]
[Annotator "NA"]
[PlyCount "120"]
[EventDate "2019.05.11"]
[EventType "tourn"]
[EventCountry "BLR"]
[SourceTitle "playchess.com"]
[Source "ChessBase"]
[SourceQuality "1"]
[TimeControl "40/5400+30:1800+30"]

1. c4 {[%emt 0:00:00]} Nf6 {[%emt 0:01:35]} 2. g3 {[%emt 0:00:19]} e6 {[%emt 0:00:07]} 3. Bg2 {[%emt 0:00:27]} d5 {[%emt 0:00:16]} 4. Nf3 {[%emt 0:00:14]} Be7 {[%emt 0:00:05]} 5. b3 {[%emt 0:00:06]} O-O {[%emt 0:00:20]} 6. Bb2 {[%emt 0:00:39]} Nbd7 {[%emt 0:05:28]} 7. O-O {[%emt 0:00:09]} b6 {[%emt 0:01:02]} 8. cxd5 {[%emt 0:01:47]} exd5 {[%emt 0:02:49]} 9. Nd4 {[%emt 0:01:01]} Bb7 {[%emt 0:00:34]} 10. Nf5 {[%emt 0:00:02]} Re8 {[%emt 0:00:28]} 11. Nxe7+ {[%emt 0:00:04]} Qxe7 {[%emt 0:00:05]} 12. Re1 {[%emt 0:02:55]} Rab8 {[%emt 0:06:37]} 13. e3 {[%emt 0:10:08]} Ne5 {[%emt 0:08:28]} 14. Qe2 {[%emt 0:02:27]} c5 {[%emt 0:01:38]} 15. d4 {[%emt 0:02:25]} Ned7 $14 {[%emt 0:05:29]} 16. Nd2 {[%emt 0:01:50]} Qe6 {[%emt 0:00:24]} 17. Rac1 {[%emt 0:02:17]} Ne4 {[%emt 0:05:04]} 18. Red1 {[%emt 0:10:51]} h6 {[%emt 0:11:32]} 19. Nxe4 {[%emt 0:10:55]} dxe4 {[%emt 0:00:14]} 20. Qc4 {[%emt 0:05:36]} Qxc4 {[%emt 0:07:55]} 21. Rxc4 {[%emt 0:00:11]} Rbd8 {[%emt 0:05:00]} 22. Rdc1 {[%emt 0:09:55]} a5 {[%emt 0:03:35]} 23. Bh3 {[%emt 0:00:51]} Ba6 {[%emt 0:00:30]} 24. R4c2 {[%emt 0:02:06]} Bd3 {[%emt 0:03:49]} 25. Rd2 {[%emt 0:01:01]} cxd4 {[%emt 0:00:43]} 26. Bxd4 {[%emt 0:00:01]} b5 {[%emt 0:06:42]} 27. f4 {[%emt 0:01:48]} Nf8 {[%emt 0:01:08]} 28. Bb6 {[%emt 0:07:06]} Ra8 {[%emt 0:01:35]} 29. Bf1 {[%emt 0:00:45]} Bxf1 {[%emt 0:00:14]} 30. Kxf1 {[%emt 0:00:02]} Reb8 {[%emt 0:00:17]} 31. Bd4 {[%emt 0:00:49]} a4 {[%emt 0:06:43]} 32. Be5 {[%emt 0:02:15]} Rb7 {[%emt 0:04:36]} 33. b4 {[%emt 0:02:57]} a3 {[%emt 0:02:07]} 34. Rcd1 {[%emt 0:04:28]} f6 {[%emt 0:00:43]} 35. Ba1 {[%emt 0:01:01]} Rc7 {[%emt 0:00:54]} 36. Bd4 {[%emt 0:01:42]} Rc4 {[%emt 0:05:58]} 37. Rb1 {[%emt 0:00:29]} Ne6 {[%emt 0:02:39]} 38. Bb6 {[%emt 0:06:42]} Rac8 {[%emt 0:00:17]} 39. Rb3 {[%emt 0:00:26]} R8c6 {[%emt 0:00:32]} 40. Bd4 {[%emt 0:00:00]} Rc1+ {[%emt 0:00:00]} 41. Kf2 {[%emt 0:06:18]} Nxd4 {[%emt 0:08:37]} 42. exd4 {[%emt 0:00:16]} R6c3 {[%emt 0:00:34]} 43. Rxc3 {[%emt 0:00:39]} Rxc3 {[%emt 0:00:05]} 44. Ke2 {[%emt 0:01:47]} Kf7 {[%emt 0:00:42]} 45. d5 {[%emt 0:03:52]} Ke7 {[%emt 0:00:45]} 46. d6+ {[%emt 0:00:02]} Kd7 {[%emt 0:00:05]} 47. Rd5 {[%emt 0:00:26]} Rc2+ {[%emt 0:00:24]} 48. Ke3 {[%emt 0:00:02]} Rxa2 {[%emt 0:00:29]} 49. Rxb5 {[%emt 0:00:07]} Ra1 {[%emt 0:01:55]} 50. Kxe4 {[%emt 0:02:45]} a2 {[%emt 0:00:17]} 51. Ra5 {[%emt 0:00:15]} Re1+ {[%emt 0:00:09]} 52. Kf5 {[%emt 0:00:05]} a1=Q {[%emt 0:00:07]} 53. Rxa1 {[%emt 0:00:04]} Rxa1 {[%emt 0:00:05]} 54. Kg6 {[%emt 0:00:04]} Rh1 {[%emt 0:01:56]} 55. Kxg7 {[%emt 0:01:40]} Rxh2 {[%emt 0:00:10]} 56. Kxf6 {[%emt 0:00:05]} Rg2 {[%emt 0:00:15]} 57. f5 {[%emt 0:00:03]} Rxg3 {[%emt 0:00:11]} 58. Kf7 {[%emt 0:00:04]} h5 {[%emt 0:00:19]} 59. b5 {[%emt 0:00:19]} Kxd6 {[%emt 0:00:09]} 60. f6 {[%emt 0:00:18]} Ke5 {[%emt 0:24:34]} 0-1